Fundamentals of heat and mass transfer
Contents: Introduction to conduction; One-dimensional, steady-state conduction; Transient conduction; Introduction to convection; External flow...
Uloženo v:
| Hlavní autor: | |
|---|---|
| Médium: | Kniha |
| Jazyk: | Undetermined |
| Vydáno: |
New York
Wiley
1990
|
| Témata: | |
| Tagy: |
Přidat tag
Žádné tagy, Buďte první, kdo otaguje tento záznam!
|
| Thư viện lưu trữ: | Trung tâm Học liệu Trường Đại học Cần Thơ |
|---|
| LEADER | 00704nam a2200205Ia 4500 | ||
|---|---|---|---|
| 001 | CTU_186727 | ||
| 008 | 210402s9999 xx 000 0 und d | ||
| 082 | |a 621.402 | ||
| 082 | |b I.37 | ||
| 100 | |a Incropera, Frank P. | ||
| 245 | 0 | |a Fundamentals of heat and mass transfer | |
| 245 | 0 | |c Frank P. Incropera, David P. DeWitt | |
| 260 | |a New York | ||
| 260 | |b Wiley | ||
| 260 | |c 1990 | ||
| 520 | |a Contents: Introduction to conduction; One-dimensional, steady-state conduction; Transient conduction; Introduction to convection; External flow... | ||
| 650 | |a Heat,Nhiệt | ||
| 650 | |x Transmission,Sự truyền | ||
| 904 | |i Giang | ||
| 980 | |a Trung tâm Học liệu Trường Đại học Cần Thơ | ||